000 00725nam a2200169Ia 4500
008 090711s9999 xx 000 0 und d
082 _b57218
100 _aजायस्वाल जयनारायण
245 _aनिर्दोष लंघन िSाकित्सा उपवास
260 _bगोपाल ग्रंथ प्रकाशन
_c1980
300 _a84
600 _aजायस्वाल जयनारायण
630 _aनिर्दोष लंघन िSाकित्सा उपवास
700 _aजायस्वाल जयनारायण
730 _aनिर्दोष लंघन िSाकित्सा उपवास
942 _cBOOK
999 _c328722
_d328722